Viisi rikkainta valtiota maanosittain - Statistics

Yleistilastot
  • Tätä visaa on pelattu 715 kertaa
  • Keskiarvotulos 18 / 30
Vastaustilastot
Maanosa BKT asukasta kohden Valtio % Oikein
Pohjois-Amerikka 76 000 $ Yhdysvallat
93%
Pohjois-Amerikka 57 800 $ Kanada
90%
Oseania 61 900 $ Australia
86%
Eurooppa 203 000 $ Monaco
86%
Oseania 50 400 $ Uusi-Seelanti
81%
Eurooppa 141 000 $ Luxemburg
77%
Eurooppa 84 700 $ Sveitsi
77%
Etelä-Amerikka 25 800 $ Argentiina
75%
Etelä-Amerikka 28 500 $ Chile
74%
Eurooppa 134 000 $ Liechtenstein
70%
Aasia 113 000 $ Qatar
66%
Etelä-Amerikka 26 700 $ Uruguay
66%
Aasia 132 000 $ Singapore
65%
Etelä-Amerikka 18 200 $ Kolumbia
63%
Aasia 78 300 $ Yhdistyneet arabiemiraatit
62%
Etelä-Amerikka 38 300 $ Guyana
56%
Oseania 10 800 $ Nauru
55%
Pohjois-Amerikka 36 100 $ Panama
55%
Pohjois-Amerikka 40 300 $ Bahama
52%
Oseania 13 600 $ Fidži
51%
Eurooppa 125 000 $ Irlanti
49%
Aasia 75 000 $ Brunei
45%
Oseania 13 700 $ Palau
44%
Aasia 68 700 $ Taiwan
43%
Afrikka 35 300 $ Seychellit
39%
Afrikka 18 300 $ Libya
36%
Afrikka 25 000 $ Mauritius
36%
Pohjois-Amerikka 29 900 $ Trinidad ja Tobago
31%
Afrikka 19 300 $ Botswana
25%
Afrikka 19 000 $ Päiväntasaajan Guinea
16%
Ehtoja vastaavia visoja ei löytynyt
Tulosjakauma
Jokaisen tuloksen saaneiden osuus
Persentiili vastausten määrän mukaan
Tuloshistoriasi
Et ole pelannut tätä visaa